000 00958nam a2200277 4500
003 DO-SdBNP
005 20171030104214.0
008 171030b 2000||||| |||| 00| 0 spa d
040 _aBPMSU
_bspa
_cBPMSU
082 4 _a372.7
_bR696m 6to. [200-?]
100 _aRodríguez Ortega, N.
245 1 0 _aMatemática sexto grado /
_cL. J. Marcano Riquezes , M. Morales Vergara
260 _aCaracas :
_bEdiciones Vega,
_c[200-]
300 _a223 p. :
_bil. ;
_c21 cm.
490 1 _aVenezolana de matemáatica
650 4 _a MATEMÁTICAS
_xENSEÑANZA BÁSICA
650 4 _aMATEMÁTICAS
_xEDUCACIÓN PRIMÁRIA
650 4 _aMATEMÁTICAS
_xLIBROS DE TEXTOS
650 _aMATEMÁTICAS
_v ESTUDIOS Y EJERCICIOS
650 4 _a EDUCACIÓN PRIMARIA
_xREPÚBLICA DOMINICANA
700 1 _aMarcano Riquezes, L. J.
700 1 _aMorales Vergara, M.
830 0 _aVenezolana de matemáatica
910 _aValidado. Control de calidad MFF
942 _2ddc
_cBK
999 _c12716
_d12716